The days : (Record no. 5575)
[ view plain ]
| 000 -LEADER | |
|---|---|
| fixed length control field | 01339cac a22003371u 4500 |
| 003 - CONTROL NUMBER IDENTIFIER | |
| control field | EG-ScBUE |
| 005 - DATE AND TIME OF LATEST TRANSACTION | |
| control field | 20220316113131.0 |
| 008 - FIXED-LENGTH DATA ELEMENTS--GENERAL INFORMATION | |
| fixed length control field | 081214s1997 ua f 000 0beng d |
| 020 ## - INTERNATIONAL STANDARD BOOK NUMBER | |
| International Standard Book Number | 9774244354 |
| 035 ## - SYSTEM CONTROL NUMBER | |
| System control number | (OCoLC)38444884 |
| 040 ## - CATALOGING SOURCE | |
| Original cataloging agency | EG-ScBUE |
| Language of cataloging | eng |
| Description conventions | rda |
| Transcribing agency | EG-ScBUE |
| Modifying agency | EG-ScBUE |
| 082 04 - DEWEY DECIMAL CLASSIFICATION NUMBER | |
| Classification number | 892.78509 |
| Item number | HUS |
| Edition number | 22 |
| 100 1# - MAIN ENTRY--PERSONAL NAME | |
| Personal name | Ḥusayn, Ṭāhā, |
| Dates associated with a name | 1889-1973, |
| Relator term | author. |
| 9 (RLIN) | 26284 |
| 245 14 - TITLE STATEMENT | |
| Title | The days : |
| Remainder of title | his autobiography in three parts / |
| Statement of responsibility, etc | Taha Hussein ; translated by E.H. Paxton, Hilary Wayment, Kenneth Cragg. |
| 264 #1 - PUBLICATION, DISTRIBUTION, ETC. (IMPRINT) | |
| Place of publication, distribution, etc | Cairo : |
| Name of publisher, distributor, etc | The American University in Cairo Press, |
| Date of publication, distribution, etc | 1997. |
| 300 ## - PHYSICAL DESCRIPTION | |
| Extent | 406 pages ; |
| Dimensions | 21 cm |
| 336 ## - CONTENT TYPE | |
| Source | rdacontent |
| Content type term | text |
| Content type code | txt |
| 337 ## - MEDIA TYPE | |
| Source | rdamedia |
| Media type term | unmediated |
| Media type code | n |
| 338 ## - CARRIER TYPE | |
| Source | rdacarrier |
| Carrier type term | volume |
| Carrier type code | nc |
| 505 0# - FORMATTED CONTENTS NOTE | |
| Formatted contents note | An Egyptian childhood -- The stream of days -- A passage to France. |
| 546 ## - LANGUAGE NOTE | |
| Language note | Text in English ; translated from the original Arabic. |
| 650 #7 - SUBJECT ADDED ENTRY--TOPICAL TERM | |
| Topical term or geographic name as entry element | Authors, Arab |
| Geographic subdivision | Egypt |
| Form subdivision | Biography. |
| Source of heading or term | BUEsh |
| 9 (RLIN) | 26285 |
| 650 #7 - SUBJECT ADDED ENTRY--TOPICAL TERM | |
| Topical term or geographic name as entry element | Authors, Arab |
| Chronological subdivision | 20th century |
| Form subdivision | Biography. |
| Source of heading or term | BUEsh |
| 9 (RLIN) | 26286 |
| 651 ## - SUBJECT ADDED ENTRY--GEOGRAPHIC NAME | |
| Source of heading or term | BUEsh |
| 653 ## - INDEX TERM--UNCONTROLLED | |
| Resource For college | Arabic Literature |
| Arrived date list | March2022 |
| 655 ## - INDEX TERM--GENRE/FORM | |
| Form subdivision | Reading book |
| 9 (RLIN) | 34232 |
| 700 1# - ADDED ENTRY--PERSONAL NAME | |
| Personal name | Paxton, E. H. |
| Fuller form of name | (Evelyn Henry), |
| Dates associated with a name | 1906- |
| Relator term | translator. |
| 9 (RLIN) | 26287 |
| 700 1# - ADDED ENTRY--PERSONAL NAME | |
| Personal name | Wayment, Hilary, |
| Relator term | translator. |
| 9 (RLIN) | 26288 |
| 700 1# - ADDED ENTRY--PERSONAL NAME | |
| Personal name | Cragg, Kenneth, |
| Relator term | translator. |
| 9 (RLIN) | 26289 |
| 942 ## - ADDED ENTRY ELEMENTS (KOHA) | |
| Koha item type | Book - Borrowing |
| Call number prefix | 892.78509 HUS |
| Source of classification or shelving scheme | Dewey Decimal Classification |
| Withdrawn status | Lost status | Damaged status | Not for loan | Home library | Current library | Shelving location | Date acquired | Source of acquisition | Total Checkouts | Total Renewals | Full call number | Barcode | Date last seen | Date checked out | Price effective from | Koha item type |
|---|---|---|---|---|---|---|---|---|---|---|---|---|---|---|---|---|
| Central Library | Central Library | Second Floor | 31/10/2007 | Purchase | 2 | 2 | 892.78509HUS | 000007056 | 15/07/2025 | 19/08/2010 | 31/10/2007 | Book - Borrowing |